00403nam a2200157Ia 45000010006000000050017000060080041000230410008000640820016000721000027000882450076001152600009001913000029002006500008002296540008002371411720260306164850.0260306t2011||||xx |||||||||||||| ||spa|| aESP a006.78bC24 aCampesato, OswaldeAUT 0aWeb 2.0 fundamentals with Ajax, development tools, and mobile platforms c2011 axxxix, 751 páginas :c aGEN aCCC